Promi-Stimmen animierter Charaktere #2 - Statistiken

Allgemein
  • Dieses Quiz wurde 133 mal gespielt
  • Das Durchschnittsergebnis liegt bei 9 aus 16
Antwortstatistiken
Bildquiz Hint Antwort % Korrekt
Friesenjung, Ottifanten Otto Waalkes
98%
ESC-Gewinnerin, "Satellite" Lena Meyer-Landrut
86%
Ukrainische Boxer, Politiker (einer von beiden) Wladimir Klitschko / Vitali Klitschko
83%
Rapper, Mitglied der Fantastischen Vier Smudo
79%
Circus HalliGalli, Das Duell um die Welt Klaas Heufer-Umlauf
78%
Streamer mit Krone, Alge Knossi
74%
Horst Schlämmer, Ich bin dann mal weg Hape Kerkeling
69%
Deutsche "Godmother of Punk", "Du hast den Farbfilm vergessen" Nina Hagen
66%
Formel-1-Weltmeister (3x), Schwerer Rennunfall Niki Lauda
58%
Pop-Sänger, "Feuerwerk" Wincent Weiss
46%
Komödiantischer Besserwisser, "Wunder im Pullunder" Olaf Schubert
44%
Honig im Kopf, Verstehen Sie Spaß? Dieter Hallervorden
39%
Heute-show, Fußballmoderator Oliver Welke
38%
Hier kommt Kurt, CD für ihre Freundin Ingeborg Frank Zander
31%
Comedian, 20 Zentimeter!? Mirja Boes
18%
ESC-Teilnehmerin, "Zwei kleine Italiener" Cornelia Froboess
15%
Keine übereinstimmenden Quizze gefunden
Verteilung der Resultate
Anzahl Personen mit jedem Resultat
Perzentil nach korrekt beantworteten Fragen
Ihre Resultats-Entwicklung
Sie haben dieses Quiz noch nicht gespielt